000 00598cam a2200193 a 4500
001 000019895
005 20200929170200.0
008 820402s1980 sp a 000 0 spa d
020 _a8472322769
040 _aDO-SdBNP
_bspa
_cBNPHU
082 _a861.44
_bR788a
100 1 _aRosales, Luis.
_924965
245 1 3 _aLa almadraba /
_cLuis Rosales.
260 _aMadrid, (España) :
_bCultura Hispánica del Instituto de Cooperación Iberoamericana,
_c1980.
300 _a83 p. :
_bil. ;
_c22 cm.
490 1 _aLa carta entera
650 4 _aPoesía española
_9631
650 4 _aLiteratura española
_9632
999 _c19408
_d19408